Discursos leídos ante la Academia de la Historia, (Record no. 170810)

MARC details
000 -LEADER
campo de control de longitud fija 01035nam a2200169 i 4500
001 - NÚMERO DE CONTROL
campo de control 170810
003 - IDENTIFICADOR DE NÚMERO DE CONTROL
campo de control ES-MaACL
005 - FECHA Y HORA DE LA ÚLTIMA TRANSACCIÓN
campo de control 20230906214451.0
008 - DATOS DE LONGITUD FIJA--INFORMACIÓN GENERAL
campo de control de longitud fija 090407s18921894sp |||| | spa d
080 ## - NÚMERO DE LA CLASIFICACIÓN DECIMAL UNIVERSAL
Número de la Clasificación Decimal Universal 94(460)
110 2# - ENTRADA PRINCIPAL--NOMBRE DE ENTIDAD CORPORATIVA
Nombre de entidad corporativa o nombre de jurisdicción como elemento de entrada Real Academia de la Historia (España)
9 (RLIN) 6309
245 10 - MENCIÓN DEL TÍTULO
Título Discursos leídos ante la Academia de la Historia,
Fechas extremas/inclusivas 1892-1894 /
Mención de responsabilidad, etc. Real Academia de la Historia.
260 ## - PUBLICACIÓN, DISTRIBUCIÓN, ETC.
Lugar de publicación, distribución, etc. Madrid :
Nombre del editor, distribuidor, etc. [s.n.],
Fecha de publicación, distribución, etc. 1892 (
Fabricante Tip. de Fontanet)
300 ## - DESCRIPCIÓN FÍSICA
Extensión 1 v. ;
Dimensiones 25 cm.
505 8# - NOTA DE CONTENIDO CON FORMATO
Nota de contenido con formato Contiene: Del mosaico desde su origen hasta el siglo XIII / Marqués de la Vega de Armijo (57 p.). Contestación / Manuel Colmeiro (p. 59-67). Ambrosio Spínola, primer marqués de los Balbases / Antonio Rodríguez Villa (102 p.). Contestación / Marcelino Menéndez y Pelayo (p. 103-118). Reinado de Felipe V / Joaquín Maldonado Macanaz (103 p.). Contestación / Antonio Sánchez Moguel (p. 106-122). La Alcarria en sus dos primeros siglos de reconquista / Juan Catalina García (154 p.).
852 ## - LOCALIZACIÓN
Ubicación ES-MaACL
Número de control de estantería K-125
Nota libre - Enc. pasta española
Holdings
Estatus retirado Estado de pérdida Estado de daño No para préstamo Colección Biblioteca de origen Biblioteca actual Ubicación en estantería Fecha de adquisición Total de préstamos Signatura topográfica completa Código de barras Visto por última vez Precio de reemplazo Tipo de ítem Koha
        Libros del s. XIX Biblioteca del Ateneo de Madrid Biblioteca del Ateneo de Madrid Administración 07/04/2009   K-125 1179264 23/02/2023 23/02/2023 Libro impreso antiguo